| 000 | 00609nam a22002057a 4500 | ||
|---|---|---|---|
| 005 | 20250415160223.0 | ||
| 010 | _aENG-144625 | ||
| 020 |
_a9788195068845 _c295.00 |
||
| 035 | _aEN-128157 | ||
| 037 | _bDBAD | ||
| 082 |
_a230.42 _21 |
||
| 100 |
_aAllen, James _980588 |
||
| 245 |
_aFrom Poverty To Power; _bThe Realization Of Prosperity And Peace/ _cJames Allen. |
||
| 260 |
_aDelhi _bUniversal Press _c2021 |
||
| 270 |
_aPreet Vihar _bDelhi _e110092 _muniversalpressdel@gmail. com |
||
| 300 |
_a120 p. _c22 cm.(hb) |
||
| 490 | _v | ||
| 700 | _976691 | ||
| 942 |
_2ddc _cEN _h230.42 _mALL _e1 |
||
| 999 |
_c210955 _d210955 |
||